[Event "Donau op 12th"]
[Site "Aschach"]
[Date "2003.12.31"]
[Round "7"]
[White "Meszaros, Andras"]
[Black "Schoepf, Andreas"]
[Result "1-0"]
[WhiteElo "2325"]
[BlackElo "2138"]
[PlyCount "63"]
[EventDate "2003.12.26"]
[EventType "swiss"]
[EventRounds "7"]
[EventCountry "AUT"]
[SourceTitle "CBM 097 Extra"]
[Source "ChessBase"]
[SourceDate "2004.01.13"]
[SourceVersion "1"]
[SourceVersionDate "2004.01.13"]
[SourceQuality "1"]

1. e4 c5 2. Nf3 d6 3. d4 cxd4 4. Nxd4 Nf6 5. Nc3 Nc6 6. Bc4 e6 7. Be3 Be7 8. f4 0-0 9. Bb3 a6 10. Qf3 Qc7 11. 0-0-0 Nd7 12. g4 Nc5 13. g5 Re8 14. h4 b5 15. g6 fxg6 16. h5 Nxd4 17. Bxd4 g5 18. h6 Nxb3+ 19. axb3 g6 20. f5 b4 21. fxg6 Rf8 22. gxh7+ Kxh7 23. Qh5 bxc3 24. Rdf1 e5 25. Rf7+ Kh8 26. Bb6 Qd7 27. Qg6 Rxf7 28. Qxf7 Bd8 29. Qf8+ Kh7 30. Bxd8 cxb2+ 31. Kb1 g4 32. Be7 1-0

[Event "Donau op 12th"]
[Site "Aschach"]
[Date "2003.12.28"]
[Round "4"]
[White "Schoepf, Andreas"]
[Black "Neumeier, Klaus"]
[Result "1-0"]
[WhiteElo "2138"]
[BlackElo "2280"]
[PlyCount "125"]
[EventDate "2003.12.26"]
[EventType "swiss"]
[EventRounds "7"]
[EventCountry "AUT"]
[SourceTitle "CBM 097 Extra"]
[Source "ChessBase"]
[SourceDate "2004.01.13"]
[SourceVersion "1"]
[SourceVersionDate "2004.01.13"]
[SourceQuality "1"]

1. e4 e5 2. Nf3 Nc6 3. Bb5 a6 4. Ba4 Nf6 5. 0-0 Be7 6. Qe2 b5 7. Bb3 0-0 8. c3 d5 9. d3 Re8 10. a4 Bb7 11. Bg5 Na5 12. Bc2 h6 13. Bh4 dxe4 14. dxe4 Nc4 15. Nbd2 Nxd2 16. Nxd2 Qd7 17. Nf3 Qe6 18. Bg3 Bd6 19. axb5 axb5 20. Rxa8 Bxa8 21. Qxb5 Nxe4 22. Bb3 Qe7 23. Nh4 Kh8 24. Nf5 Qf8 25. Rd1 Rb8 26. Qc4 Nc5 27. Ba2 Rxb2 28. Qxf7 Qxf7 29. Bxf7 Ne4 30. Nxd6 cxd6 31. f3 Nxg3 32. hxg3 Rb6 33. c4 Kh7 34. g4 g6 35. Ra1 Kg7 36. Be8 Bb7 37. Ra7 Kf6 38. Kf2 g5 39. Kg3 Rb3 40. Bh5 Ke6 41. Kf2 Kf6 42. Be8 e4 43. Bb5 Bc8 44. Rh7 d5 45. Rxh6+ Ke5 46. Rh8 e3+ 47. Kg3 d4 48. Rxc8 Rb1 49. Ba4 Kd6 50. Re8 Ra1 51. Bc2 Kc5 52. f4 gxf4+ 53. Kxf4 Rf1+ 54. Kg3 Kb4 55. g5 Rf7 56. g6 Rg7 57. Kf3 Kc3 58. Bf5 Kxc4 59. Rc8+ Kd5 60. Rf8 Ke5 61. Rf7 Rg8 62. g7 d3 63. Kxe3 1-0

[Event "Donau op 12th"]
[Site "Aschach"]
[Date "2003.12.26"]
[Round "1"]
[White "Teske, Henrik"]
[Black "Schoepf, Andreas"]
[Result "1-0"]
[WhiteElo "2518"]
[BlackElo "2138"]
[PlyCount "87"]
[EventDate "2003.12.26"]
[EventType "swiss"]
[EventRounds "7"]
[EventCountry "AUT"]
[SourceTitle "CBM 097 Extra"]
[Source "ChessBase"]
[SourceDate "2004.01.13"]
[SourceVersion "1"]
[SourceVersionDate "2004.01.13"]
[SourceQuality "1"]

1. e4 c5 2. Nf3 d6 3. d4 cxd4 4. Nxd4 Nf6 5. Nc3 Nc6 6. Bg5 Qb6 7. Nb3 e6 8. Bxf6 gxf6 9. Qd2 a6 10. 0-0-0 Qc7 11. f4 b5 12. Kb1 h5 13. h4 Rg8 14. Rh3 b4 15. Ne2 e5 16. f5 a5 17. Ng3 a4 18. Nc1 Nd4 19. Nxh5 Ke7 20. Ne2 Bh6 21. Nhf4 Bb7 22. Nxd4 Bxf4 23. Nb5 Bxd2 24. Nxc7 Bf4 25. Nxa8 Bxa8 26. Re1 Bc6 27. h5 Bg3 28. Re2 Bf4 29. h6 Rh8 30. h7 Kf8 31. Re1 Kg7 32. Bc4 Rxh7 33. Rxh7+ Kxh7 34. g3 Bd2 35. Re2 Bg5 36. Bxf7 Bb5 37. Rh2+ Kg7 38. Bd5 a3 39. bxa3 bxa3 40. g4 Be3 41. Rh3 Bc5 42. Rb3 Ba4 43. Rb8 Kh6 44. Rg8 1-0

[Event "Budapest FS05 IM-A"]
[Site "Budapest"]
[Date "2003.05.10"]
[Round "8"]
[White "Galyas, Miklos"]
[Black "Schoepf, Andreas"]
[Result "1-0"]
[WhiteElo "2413"]
[BlackElo "2124"]
[PlyCount "73"]
[EventDate "2003.05.03"]
[EventType "tourn"]
[EventRounds "13"]
[EventCountry "HUN"]
[EventCategory "1"]
[SourceTitle "CBM 094 Extra"]
[Source "ChessBase"]
[SourceDate "2003.07.09"]
[SourceVersion "2"]
[SourceVersionDate "2003.07.09"]
[SourceQuality "1"]

1. d4 Nf6 2. c4 g6 3. Nc3 Bg7 4. e4 d6 5. Nf3 0-0 6. Be2 e5 7. 0-0 Nc6 8. d5 Ne7 9. Bg5 h6 10. Bxf6 Bxf6 11. b4 Bg7 12. c5 f5 13. Bd3 f4 14. Nd2 g5 15. Be2 Kh7 16. Bg4 Ng8 17. Nc4 h5 18. Bxc8 Rxc8 19. Qxh5+ Bh6 20. g4 Nf6 21. Qh3 Nxg4 22. Qxg4 f3 23. Ne3 Rf4 24. Qh5 Qf6 25. Ng4 Qg6 26. Qxg6+ Kxg6 27. Nxh6 Rh4 28. Nf5 Rh3 29. Nd1 Rch8 30. Nde3 Rxh2 31. Ng3 g4 32. cxd6 cxd6 33. Rfc1 Kg5 34. Rc7 R8h4 35. Rg7+ Kf4 36. Rxg4+ Rxg4 37. Kxh2 1-0

[Event "Budapest FS05 IM-A"]
[Site "Budapest"]
[Date "2003.05.07"]
[Round "5"]
[White "Schoepf, Andreas"]
[Black "Lund, Silas Esben"]
[Result "1/2-1/2"]
[WhiteElo "2124"]
[BlackElo "2269"]
[PlyCount "203"]
[EventDate "2003.05.03"]
[EventType "tourn"]
[EventRounds "13"]
[EventCountry "HUN"]
[EventCategory "1"]
[SourceTitle "CBM 094 Extra"]
[Source "ChessBase"]
[SourceDate "2003.07.09"]
[SourceVersion "2"]
[SourceVersionDate "2003.07.09"]
[SourceQuality "1"]

1. e4 e6 2. d3 d5 3. Nd2 c5 4. Ngf3 Nc6 5. g3 Nf6 6. Bg2 Be7 7. 0-0 0-0 8. Re1 Qc7 9. Qe2 a5 10. e5 Nd7 11. Nf1 Ra6 12. Bf4 Nd4 13. Nxd4 cxd4 14. h4 Rc6 15. Rec1 Qb6 16. c4 dxc3 17. bxc3 f6 18. exf6 Bxf6 19. Rab1 Qd8 20. c4 Nb6 21. Be3 Na4 22. Qc2 Nc3 23. Rb3 d4 24. Bxc6 bxc6 25. Bg5 Bxg5 26. hxg5 Qxg5 27. Re1 e5 28. Rb8 Qf5 29. Ra8 c5 30. Nh2 Qh3 31. Qb2 Qf5 32. f3 Qxd3 33. Qg2 Qxc4 34. Rxe5 d3 35. Qf2 Ne2+ 36. Kg2 d2 37. Rxc5 Qxc5 38. Qxc5 d1Q 39. Rxc8 Rxc8 40. Qxc8+ Kf7 41. Qc4+ Ke7 42. Qc5+ Qd6 43. Qe3+ Qe6 44. Qa7+ Qd7 45. Qxa5 Qd4 46. Qe1 Qe3 47. Kf1 Qg1+ 48. Kxe2 Qxh2+ 49. Kd3+ Kf7 50. a4 Qa2 51. Qe4 Qb3+ 52. Ke2 Qa2+ 53. Ke3 Qa3+ 54. Kf2 Qa2+ 55. Kg1 h6 56. Qf5+ Kg8 57. a5 Qe2 58. Qd5+ Kf8 59. f4 h5 60. Qa8+ Kf7 61. Qa7+ Kg6 62. Qf2 Qd1+ 63. Kh2 Qd3 64. Qa2 Qa6 65. Qd2 Kh7 66. f5 Qb5 67. Qa2 h4 68. a6 Qe5 69. Qg2 hxg3+ 70. Kh3 Qxf5+ 71. Kxg3 Qg6+ 72. Kf2 Qxa6 73. Qh3+ Kg6 74. Qg4+ Kf7 75. Qd7+ Kg8 76. Qe8+ Kh7 77. Qh5+ Qh6 78. Qf5+ Qg6 79. Qh3+ Kg8 80. Qc8+ Kf7 81. Qd7+ Kf6 82. Qd8+ Kf5 83. Qd3+ Kg5 84. Qe3+ Kf6 85. Qd4+ Ke7 86. Qa7+ Kf8 87. Qc5+ Kg8 88. Qc8+ Kh7 89. Qh3+ Qh6 90. Qf5+ Qg6 91. Qh3+ Kg8 92. Qc8+ Kf7 93. Qc7+ Kf6 94. Qd8+ Ke5 95. Qa5+ Kf4 96. Qd2+ Kg4 97. Qd1+ Kg5 98. Qc1+ Kf5 99. Qc2+ Kf6 100. Qc6+ Kg5 101. Qc1+ Kg4 102. Qd1+ 1/2-1/2

[Event "Budapest FS05 IM-A"]
[Site "Budapest"]
[Date "2003.05.06"]
[Round "4"]
[White "Jakab, Attila"]
[Black "Schoepf, Andreas"]
[Result "1-0"]
[WhiteElo "2388"]
[BlackElo "2124"]
[PlyCount "83"]
[EventDate "2003.05.03"]
[EventType "tourn"]
[EventRounds "13"]
[EventCountry "HUN"]
[EventCategory "1"]
[SourceTitle "CBM 094 Extra"]
[Source "ChessBase"]
[SourceDate "2003.07.09"]
[SourceVersion "2"]
[SourceVersionDate "2003.07.09"]
[SourceQuality "1"]

1. d4 Nf6 2. c4 g6 3. Nc3 Bg7 4. e4 d6 5. Nge2 0-0 6. Ng3 Na6 7. Be2 c5 8. d5 Nc7 9. 0-0 b5 10. Nxb5 Nxb5 11. cxb5 a6 12. Bd2 h5 13. Qc2 h4 14. Nh1 h3 15. g3 e6 16. dxe6 d5 17. exf7+ Kh7 18. e5 Ne4 19. f4 Qb6 20. Be3 d4 21. Qxe4 Bb7 22. Qd3 axb5 23. Bf3 Bxf3 24. Rxf3 Qc6 25. Bd2 c4 26. Qf1 Rxf7 27. Qxh3+ Kg8 28. Rff1 c3 29. bxc3 dxc3 30. Be3 b4 31. Qg2 Rc7 32. Nf2 Bf8 33. Ne4 Ra3 34. f5 gxf5 35. Rxf5 Bg7 36. Rd1 Rc8 37. Rd8+ Rxd8 38. Nf6+ Qxf6 39. exf6 Rd1+ 40. Rf1 c2 41. Qxc2 Rxf1+ 42. Kxf1 1-0

[Event "Linz county-ch"]
[Site "Linz"]
[Date "1999.04.01"]
[Round "7"]
[White "Schoepf, Andreas"]
[Black "Dumancic, Pero"]
[Result "1-0"]
[WhiteElo "2147"]
[BlackElo "2004"]
[PlyCount "93"]
[EventDate "1999.03.26"]
[EventType "swiss"]
[EventRounds "9"]
[EventCountry "AUT"]
[SourceTitle "EXT 2004"]
[Source "ChessBase"]
[SourceDate "2003.11.25"]
[SourceVersion "1"]
[SourceVersionDate "2003.11.25"]
[SourceQuality "1"]

1. Nf3 d5 2. b3 Nf6 3. Bb2 e6 4. e3 c5 5. d4 Bd7 6. Nbd2 Nc6 7. Be2 Bd6 8. Ne5 Qc7 9. f4 cxd4 10. exd4 Rc8 11. c3 Qb6 12. Bd3 a5 13. Qe2 a4 14. g4 h6 15. Rf1 a3 16. Bc1 Rf8 17. g5 hxg5 18. fxg5 Nxd4 19. Nxd7 Nxd7 20. cxd4 Qxd4 21. Rb1 Ne5 22. Bb5+ Ke7 23. Nf3 Bb4+ 24. Bd2 Nxf3+ 25. Rxf3 Rc2 26. Rd1 Rxa2 27. Rd3 Qc5 28. Rxd5 Rxd2 29. Rxc5 Rxe2+ 30. Kxe2 Ra8 31. Rc7+ Kf8 32. h4 g6 33. Rf1 Kg8 34. Rc4 Bd6 35. Ra4 Rc8 36. Rd1 Bg3 37. Kf3 Be5 38. Rxa3 Rc5 39. Be2 Bc7 40. b4 Rf5+ 41. Kg2 Rf4 42. Rd7 Bb6 43. Rf3 Rxh4 44. Rdxf7 Rg4+ 45. Kh3 Rxg5 46. Rf8+ Kg7 47. R3f7+ 1-0